000 00827nam a2200241Ia 4500
008 130821s2005 mx a gr spa
020 _a9706864865
040 _aCo-BoUCM
_bspa
041 0 0 _aspa
060 _aBF 311
100 1 _aGoldstein, E. Bruce
_d1941-
_9164601
245 1 0 _aSensación y percepción
_cE. Bruce Goldstein ; traducción José Francisco Javier Dávila
250 _a6a. Ed.
260 _aMéxico D.F. (México)
_bInternational Thomson Editores
_c2005
300 _a684 páginas
_bilustraciones
504 _aIncluye referencias bibliográficas
650 0 4 _aPercepción
_9327
650 0 4 _aPsicología
_98001
650 0 4 _aSensación en niños
_924195
650 0 4 _aSentidos
_924209
700 1 _aJavier Dávila, José Francisco
_etrad.
_9164602
942 _cLIBRO
_a9
_e6
_mG624s
_2NLM
_hBF 311
_n0
999 _c58030
_d58030